000 00488nam a2200169Ia 4500
003 GCL
008 140319s9999 xx 000 0 ara d
040 _aGCL /
_cGCL
082 0 4 _a813.01
_bع د
100 1 _aعبدالمنعم الصاوى
245 1 0 _aدعونى أرو لكم قصتى وقصص أخرى /
_cعبدالمنعم الصاوى
300 _a177
490 _aكتاب
_v0
650 0 4 _aالادب العربى
650 0 4 _aالقصص القصيرة
942 _2ddc
_cBK
999 _c42106
_d42106